000 00238nam a22000857a 4500
008 160711b xxu||||| |||| 00| 0 eng d
100 _92544
_a Bansal, R.K
245 _aIntroductions to English Language Teaching
260 _aDelhi
_b Oxford
_c1978
999 _c2210
_d2210